Fayyouz-ul-Quran (Record no. 347257)
[ view plain ]
| 000 -LEADER | |
|---|---|
| fixed length control field | 00360 a2200145 4500 |
| 082 ## - DEWEY DECIMAL CLASSIFICATION NUMBER | |
| Classification number | 297.1227 |
| 090 ## - LOCALLY ASSIGNED LC-TYPE CALL NUMBER (OCLC); LOCAL CALL NUMBER (RLIN) | |
| -- | 4826 |
| -- | 4826 |
| 100 ## - MAIN ENTRY--PERSONAL NAME | |
| Personal name | Balgrami,Syed Hamid Hasin |
| 245 ## - TITLE STATEMENT | |
| Title | Fayyouz-ul-Quran |
| Statement of responsibility, etc. | Dr.Syed Hamid Hasin Balgrami |
| 250 ## - EDITION STATEMENT | |
| Edition statement | 1st |
| 260 ## - PUBLICATION, DISTRIBUTION, ETC. | |
| Place of publication, distribution, etc. | Karachi |
| Name of publisher, distributor, etc. | Faroz Sons LTD |
| 300 ## - PHYSICAL DESCRIPTION | |
| Extent | 696p |
| 500 ## - GENERAL NOTE | |
| General note | Hard cover |
| 942 ## - ADDED ENTRY ELEMENTS (KOHA) | |
| Institution code [OBSOLETE] | NBS |
| Koha item type | Book |
| Call number prefix | 297.1227 HAM |
| Withdrawn status | Lost status | Damaged status | Not for loan | Permanent Location | Current Location | Shelving location | Date acquired | Total Checkouts | Full call number | Barcode | Date last seen | Date last checked out | Price effective from | Koha item type |
|---|---|---|---|---|---|---|---|---|---|---|---|---|---|---|
| NUST Law School (NLS) | NUST Law School (NLS) | First Floor - Islam | 08/28/2013 | 1 | 297.1227 HAM | NBS6816 | 04/24/2020 | 04/20/2020 | 08/28/2013 | Reference |
